[Event "Ayr op"]
[Site "Ayr"]
[Date "2017.05.27"]
[Round "3"]
[White "Shaheen, Jalal"]
[Black "Bramson, Mike"]
[Result "1-0"]
[WhiteElo "1730"]
[BlackElo "1883"]
[PlyCount "89"]
[EventDate "2017.05.26"]
[EventType "swiss"]
[EventRounds "5"]
[EventCountry "SCO"]
[SourceTitle "CBM 178 Extra"]
[Source "ChessBase"]
[SourceDate "2017.06.22"]
[SourceVersion "1"]
[SourceVersionDate "2017.06.22"]
[SourceQuality "1"]

1. e4 e5 2. Nf3 Nc6 3. Bb5 a6 4. Ba4 d6 5. 0-0 Bd7 6. d4 Nge7 7. d5 Nb8 8. Bxd7+ Nxd7 9. Bg5 h6 10. Bh4 g5 11. Bg3 Ng6 12. h3 Nf6 13. Re1 Be7 14. c4 Qd7 15. Nc3 Nf4 16. Qa4 c6 17. dxc6 bxc6 18. Rad1 Qc8 19. Nd5 g4 20. hxg4 N4xd5 21. exd5 0-0 22. g5 hxg5 23. Nxg5 Qg4 24. Nh3 cxd5 25. b3 d4 26. Rd3 Kh8 27. Qc6 Rg8 28. Qb7 Rae8 29. Qxa6 Qf5 30. Rf3 Qg6 31. c5 e4 32. Rf4 e3 33. Rh4+ Nh5 34. Nf4 exf2+ 35. Bxf2 Bxh4 36. Nxg6+ fxg6 37. Bxh4 Rxe1+ 38. Bxe1 Re8 39. Bf2 Nf4 40. Bxd4+ Kh7 41. Qb7+ Kh6 42. Qg7+ Kg5 43. cxd6 Ne2+ 44. Kf2 Re4 45. Be3+ 1-0